[Event "Memorial Romana Baka OPEN FIDE"]
[Site "Starochorzowski Dom Kultury, C"]
[Date "2014.09.27"]
[Round "1.1"]
[White "Strzemiecki, Zbigniew"]
[Black "Bobecki, Tadeusz"]
[Result "0-1"]
[WhiteElo "2379"]
[BlackElo "1815"]
[PlyCount "40"]
[EventDate "2014.??.??"]

1. e4 d5 2. exd5 Nf6 3. d4 Nxd5 4. c4 Nb4 5. Qa4+ N8c6 6. d5 b5 7. cxb5 Nd4 8.
Na3 e5 9. Bd2 Qxd5 10. Bxb4 Bxb4+ 11. Qxb4 Qe4+ 12. Kd1 Bg4+ 13. f3 Rd8 14. Bd3
Qxd3+ 15. Ke1 Qe3+ 16. Kf1 Bf5 17. g4 Nxf3 18. gxf5 Nd2+ 19. Kg2 Rd4 20. Qxd4
Qxd4 0-1

[Event "Memorial Romana Baka OPEN FIDE"]
[Site "Starochorzowski Dom Kultury, C"]
[Date "2014.09.27"]
[Round "1.2"]
[White "Rosicki, Marcin"]
[Black "Krzyzanowski, Marcin"]
[Result "0-1"]
[WhiteElo "1794"]
[BlackElo "2347"]
[PlyCount "120"]
[EventDate "2014.??.??"]

1. e4 c5 2. Nf3 e6 3. d4 cxd4 4. Nxd4 a6 5. Nc3 Qc7 6. Bd3 Bc5 7. Nb3 Be7 8.
Be3 d6 9. O-O Nf6 10. f4 O-O 11. Qf3 Nc6 12. Rae1 Re8 13. Qg3 b5 14. a3 Bb7 15.
Nd4 Nxd4 16. Bxd4 e5 17. Be3 Rac8 18. Kh1 Bc6 19. fxe5 dxe5 20. Rf5 Nd7 21.
Ref1 f6 22. Rh5 Nf8 23. Nd5 Qd6 24. Bh6 Ng6 25. Bd2 Qe6 26. Rff5 Qf7 27. Qh3
Nf8 28. Nxe7+ Rxe7 29. Bb4 Bd7 30. Bxe7 Qxe7 31. Rh4 Qd6 32. Qf3 Bxf5 33. exf5
Nd7 34. h3 Rd8 35. a4 Rb8 36. Be4 Nf8 37. Bd5+ Kh8 38. Bb3 Rd8 39. axb5 axb5
40. Qh5 Qd7 41. Qf3 Qe7 42. Qh5 Ra8 43. Qf7 Qxf7 44. Bxf7 Ra7 45. Bb3 g6 46.
fxg6 Nxg6 47. Rb4 Ra5 48. Bd5 Ne7 49. Bf3 Nc8 50. c4 Na7 51. c5 Ra1+ 52. Kh2
Rc1 53. c6 f5 54. g4 e4 55. Bg2 e3 56. Bf3 Nxc6 57. Rxb5 Nd4 58. Rb8+ Kg7 59.
Kg3 Rf1 60. Rb7+ Kf8 0-1

[Event "Memorial Romana Baka OPEN FIDE"]
[Site "Starochorzowski Dom Kultury, C"]
[Date "2014.09.27"]
[Round "1.3"]
[White "Kaczmarek, Aleksander"]
[Black "Krol, Rafal"]
[Result "1-0"]
[WhiteElo "2289"]
[BlackElo "1785"]
[PlyCount "25"]
[EventDate "2014.??.??"]

1. e4 c6 2. d4 d5 3. e5 c5 4. dxc5 e6 5. Bd3 Nd7 6. Nf3 Bxc5 7. O-O Ne7 8. Bf4
O-O 9. Bxh7+ Kxh7 10. Ng5+ Kg8 11. Qh5 Re8 12. Qxf7+ Kh8 13. Nxe6 1-0

[Event "Memorial Romana Baka OPEN FIDE"]
[Site "Starochorzowski Dom Kultury, C"]
[Date "2014.09.27"]
[Round "1.4"]
[White "Mostowski, Boguslaw"]
[Black "Piesik, Piotr"]
[Result "0-1"]
[WhiteElo "1766"]
[BlackElo "2231"]
[PlyCount "102"]
[EventDate "2014.??.??"]

1. e4 Nc6 2. Nf3 d6 3. d4 Bg4 4. Bb5 a6 5. Ba4 b5 6. Bb3 e6 7. c3 Nf6 8. Qe2
Be7 9. Nbd2 e5 10. h3 Bd7 11. O-O O-O 12. Re1 Re8 13. Ng5 Rf8 14. Ngf3 Nh5 15.
Nf1 g6 16. Bh6 Re8 17. Qd2 Bf6 18. Bd5 Rb8 19. g4 Ng7 20. dxe5 Nxe5 21. Nxe5
dxe5 22. Rad1 Ne6 23. a3 Qe7 24. Ng3 Red8 25. Qe3 c6 26. Ba2 Nc5 27. f4 Be6 28.
Bxe6 Nxe6 29. f5 Bg5 30. Bxg5 Nxg5 31. Kg2 f6 32. Rd2 Rxd2+ 33. Qxd2 Rd8 34.
Qc2 Qd7 35. Re2 Qd3 36. Qxd3 Rxd3 37. h4 Nf3 38. h5 Kg7 39. Kf2 Nh2 40. hxg6
Nxg4+ 41. Kg2 hxg6 42. fxg6 Kxg6 43. Nf5 Kg5 44. Ne7 Kf4 45. Ng6+ Kg5 46. Ne7
c5 47. Nf5 Kf4 48. Ne7 Rg3+ 49. Kh1 Kf3 50. Rd2 Nf2+ 51. Kh2 Rg2# 0-1

[Event "Memorial Romana Baka OPEN FIDE"]
[Site "Starochorzowski Dom Kultury, C"]
[Date "2014.09.27"]
[Round "1.5"]
[White "Szmyd, Arkadiusz"]
[Black "Marek, Eugeniusz"]
[Result "1/2-1/2"]
[WhiteElo "2144"]
[BlackElo "1761"]
[PlyCount "60"]
[EventDate "2014.??.??"]

1. e4 c6 2. d4 d5 3. exd5 cxd5 4. Nf3 Nf6 5. Bd3 Nc6 6. c3 Bg4 7. h3 Bh5 8.
Nbd2 e6 9. O-O Bd6 10. Re1 O-O 11. b3 a6 12. Bb2 Bf4 13. Qb1 Bg6 14. Bxg6 hxg6
15. Qd3 Re8 16. g3 Bc7 17. Kg2 Rc8 18. Rad1 Bb8 19. h4 Nh5 20. Ng5 Qd6 21. Ndf3
Ne7 22. Bc1 Qc6 23. Bd2 Qd6 24. Nxf7 Kxf7 25. Ng5+ Kg8 26. Rxe6 Qd7 27. Rh1 Rc6
28. Re2 Rcc8 29. Re6 Rc6 30. Re2 Rcc8 1/2-1/2

[Event "Memorial Romana Baka OPEN FIDE"]
[Site "Starochorzowski Dom Kultury, C"]
[Date "2014.09.27"]
[Round "1.6"]
[White "Rychlik, Bogdan"]
[Black "Raszka, Janusz"]
[Result "0-1"]
[WhiteElo "1759"]
[BlackElo "2140"]
[PlyCount "92"]
[EventDate "2014.??.??"]

1. e4 c5 2. Nf3 e6 3. d4 cxd4 4. Nxd4 Nf6 5. Nc3 Bb4 6. e5 Nd5 7. Qg4 g6 8. Bd2
Nxc3 9. bxc3 Be7 10. Bd3 Nc6 11. Nxc6 dxc6 12. h4 Qc7 13. Qg3 Bd7 14. a4 c5 15.
a5 Bc6 16. a6 b6 17. h5 O-O-O 18. h6 Rd5 19. f4 Rhd8 20. c4 R5d7 21. Bc3 Rg8
22. Qf2 Qd8 23. O-O-O f5 24. exf6 Bxf6 25. Kb2 Bxc3+ 26. Kxc3 Qf6+ 27. Kb3 e5
28. g3 Rf8 29. Rhe1 exf4 30. gxf4 Rd4 31. f5 gxf5 32. Rg1 Kb8 33. Qg3+ f4 34.
Qg7 Rd7 35. Qxf6 Rxf6 36. Rg7 Rxh6 37. Rg8+ Kc7 38. Re1 Rf7 39. Be4 Re6 40.
Bxc6 Rxe1 41. Bd5 Rfe7 42. Ra8 Kd6 43. Bb7 f3 44. Rd8+ Ke5 45. Rf8 Rf1 46. Rd8
f2 0-1

[Event "Memorial Romana Baka OPEN FIDE"]
[Site "Starochorzowski Dom Kultury, C"]
[Date "2014.09.27"]
[Round "1.7"]
[White "Morkisz, Bogdan"]
[Black "Sensula, Marek"]
[Result "0-1"]
[WhiteElo "2123"]
[BlackElo "1757"]
[PlyCount "111"]
[EventDate "2014.??.??"]

1. e4 c5 2. Nc3 Nc6 3. g3 Nf6 4. Bg2 d6 5. d3 g6 6. h3 Bg7 7. Be3 O-O 8. Qd2 a6
9. Nge2 Rb8 10. O-O b5 11. Bh6 Nd4 12. Bxg7 Kxg7 13. f4 b4 14. Nd1 Nh5 15. Kh2
e5 16. f5 gxf5 17. exf5 Nxe2 18. f6+ Nxf6 19. Qg5+ Kh8 20. Qxf6+ Qxf6 21. Rxf6
Be6 22. Ne3 Rg8 23. Nf1 Rg5 24. Re1 Nd4 25. Ne3 Rbg8 26. g4 R5g6 27. Rf2 h5 28.
Be4 Rh6 29. Nf5 hxg4 30. Nxh6 g3+ 31. Kh1 gxf2 32. Rf1 Rg1+ 33. Rxg1 fxg1=Q+
34. Kxg1 f5 35. Bb7 a5 36. Bc8 Bxc8 37. Nf7+ Kg7 38. Nxd6 Ba6 39. c3 Ne2+ 40.
Kf2 Bxd3 41. Ke3 c4 42. cxb4 axb4 43. b3 f4+ 44. Kd2 cxb3 45. axb3 Ba6 46. Ne8+
Kg6 47. Nc7 Nd4 48. Nxa6 Nxb3+ 49. Ke1 Kf5 50. Nxb4 e4 51. Nc2 e3 52. Ke2 Ke4
53. Ne1 Nd4+ 54. Kf1 f3 55. h4 Nf5 56. h5 0-1

[Event "Memorial Romana Baka OPEN FIDE"]
[Site "Starochorzowski Dom Kultury, C"]
[Date "2014.09.27"]
[Round "1.8"]
[White "Kubicka, Anna"]
[Black "Sroka, Janusz"]
[Result "1/2-1/2"]
[WhiteElo "1734"]
[BlackElo "2069"]
[PlyCount "76"]
[EventDate "2014.??.??"]

1. e4 e5 2. Bc4 d6 3. Nf3 c6 4. d3 Be7 5. Nbd2 Nf6 6. Bb3 O-O 7. h3 Nbd7 8. c3
b5 9. Qe2 a6 10. Nf1 Qc7 11. g4 Nc5 12. Bc2 a5 13. Ng3 b4 14. g5 Ne8 15. Nf5 g6
16. Nh6+ Kh8 17. h4 Ng7 18. h5 gxh5 19. Nh4 Qd8 20. N4f5 Bxf5 21. Nxf5 Nce6 22.
Bb3 Bxg5 23. Bxe6 fxe6 24. Nxg7 Kxg7 25. Qxh5 h6 26. Ke2 Bxc1 27. Raxc1 Qf6 28.
Rh2 bxc3 29. Rxc3 c5 30. Rc1 Ra7 31. Rg1+ Kh7 32. Rgh1 Raf7 33. Qxh6+ Qxh6 34.
Rxh6+ Kg7 35. Rh7+ Kf6 36. Ke3 Ke7 37. Rxf7+ Rxf7 38. Rc1 Rf8 1/2-1/2

[Event "Memorial Romana Baka OPEN FIDE"]
[Site "Starochorzowski Dom Kultury, C"]
[Date "2014.09.27"]
[Round "1.9"]
[White "Faron, Rafal"]
[Black "Muc, Zbigniew"]
[Result "1-0"]
[WhiteElo "2034"]
[BlackElo "1721"]
[PlyCount "59"]
[EventDate "2014.??.??"]

1. d4 Nf6 2. c4 e6 3. Nc3 c5 4. d5 exd5 5. cxd5 d6 6. e4 g6 7. h3 Bg7 8. Nf3
O-O 9. Bd3 Nfd7 10. Bf4 Bxc3+ 11. bxc3 Qe7 12. O-O a6 13. a4 b6 14. Re1 f6 15.
Bh2 Ne5 16. Bf1 Nxf3+ 17. Qxf3 Nd7 18. Rab1 Rb8 19. Qe2 Ne5 20. Qa2 Kg7 21. Rb2
Qc7 22. f4 Nf7 23. c4 Re8 24. Rbe2 Bd7 25. Qa1 b5 26. axb5 axb5 27. e5 fxe5 28.
fxe5 dxe5 29. Rxe5 Nxe5 30. Rxe5 1-0

[Event "Memorial Romana Baka OPEN FIDE"]
[Site "Starochorzowski Dom Kultury, C"]
[Date "2014.09.27"]
[Round "1.10"]
[White "Wirtek, Jerzy"]
[Black "Janiszewski, Maciej"]
[Result "0-1"]
[WhiteElo "1706"]
[BlackElo "1981"]
[PlyCount "62"]
[EventDate "2014.??.??"]

1. d4 Nf6 2. c4 c5 3. d5 b5 4. cxb5 a6 5. b6 a5 6. Nc3 Ba6 7. Nf3 d6 8. g3 Nbd7
9. Bg2 g6 10. O-O Bg7 11. Re1 O-O 12. e4 Nxb6 13. a4 Ng4 14. Nd2 Ne5 15. Kh1
Nd3 16. Rf1 Nxc1 17. Qxc1 Bxf1 18. Bxf1 f5 19. Nb5 fxe4 20. Nxe4 Qd7 21. Ra3
Kh8 22. Bg2 Nxa4 23. Nbc3 Nxc3 24. bxc3 c4 25. f4 h6 26. Qf1 Qb5 27. Ra1 Rab8
28. h3 Qxd5 29. Nf6 Qb5 30. Nd5 e6 31. Ne7 Qe8 0-1

[Event "Memorial Romana Baka OPEN FIDE"]
[Site "Starochorzowski Dom Kultury, C"]
[Date "2014.09.27"]
[Round "1.11"]
[White "Zawierucha, Aleksander"]
[Black "Nowakowski, Jan"]
[Result "1-0"]
[WhiteElo "1957"]
[BlackElo "1692"]
[PlyCount "71"]
[EventDate "2014.??.??"]

1. d4 e6 2. c4 d5 3. Nc3 a6 4. cxd5 exd5 5. Nf3 Nf6 6. Bg5 Be7 7. e3 O-O 8. Bd3
h6 9. Bh4 Re8 10. Qb3 c6 11. O-O b5 12. a4 b4 13. Bxf6 gxf6 14. Ne2 Kh8 15.
Rac1 Rg8 16. Ng3 Bd6 17. Nh4 Be6 18. Nhf5 Bf8 19. Qd1 Qd7 20. Qh5 Rg5 21. Qf3
Bxf5 22. Nxf5 Qe6 23. Rfe1 Nd7 24. h4 Rg6 25. e4 Nb6 26. exd5 Qxd5 27. Be4 Qd8
28. Bxc6 Rc8 29. a5 Nd7 30. Qd5 Nb8 31. Qxf7 Nxc6 32. Qxg6 Nxa5 33. Rxc8 Qxc8
34. Re8 Qc1+ 35. Kh2 Qf4+ 36. Kh3 1-0

[Event "Memorial Romana Baka OPEN FIDE"]
[Site "Starochorzowski Dom Kultury, C"]
[Date "2014.09.27"]
[Round "1.12"]
[White "Klementys, Jerzy"]
[Black "Zylka, Stanislaw"]
[Result "0-1"]
[WhiteElo "1675"]
[BlackElo "1934"]
[PlyCount "86"]
[EventDate "2014.??.??"]

1. d4 Nf6 2. c4 c5 3. d5 e6 4. Nc3 exd5 5. Nxd5 Nxd5 6. Qxd5 Nc6 7. Nf3 d6 8.
Bf4 Be6 9. Qe4 Be7 10. h4 h6 11. O-O-O Qa5 12. a3 Qa4 13. e3 O-O-O 14. Qc2 Qa6
15. Nd2 Na5 16. h5 Rd7 17. f3 Rhd8 18. g4 Bf6 19. Bd3 Nc6 20. Rhg1 Be5 21. Bg3
Bxg3 22. Rxg3 Kb8 23. f4 f6 24. Rgg1 Re7 25. Rde1 Bf7 26. Nf3 Na5 27. Nd2 Rde8
28. e4 Nc6 29. Nf3 Rc7 30. Qc3 Nd4 31. Nd2 Qc6 32. Kb1 a6 33. b3 b5 34. cxb5
axb5 35. b4 Qb6 36. bxc5 dxc5 37. Rc1 c4 38. Bf1 Rec8 39. Rc2 Ra7 40. Kb2 Ne6
41. f5 Nc5 42. Qg3+ Ka8 43. Qc3 Na4+ 0-1

[Event "Memorial Romana Baka OPEN FIDE"]
[Site "Starochorzowski Dom Kultury, C"]
[Date "2014.09.27"]
[Round "1.13"]
[White "Pultorak, Jan"]
[Black "Lendla, Janusz"]
[Result "1-0"]
[WhiteElo "1929"]
[BlackElo "1637"]
[PlyCount "47"]
[EventDate "2014.??.??"]

1. e4 c5 2. Nf3 d6 3. d4 cxd4 4. Qxd4 Nc6 5. Bb5 Bd7 6. Bxc6 Bxc6 7. Nc3 Nf6 8.
Bg5 e5 9. Qd3 Be7 10. O-O-O Qb6 11. Bxf6 gxf6 12. Rhf1 Rd8 13. Nh4 Qc5 14. Nf5
Rg8 15. Qh3 d5 16. exd5 Bxd5 17. Qxh7 Rg6 18. Ng7+ Rxg7 19. Qxg7 Rd6 20. Rxd5
Rxd5 21. Nxd5 Qxd5 22. Qh8+ Bf8 23. Qxf6 Qxg2 24. Qxe5+ 1-0

[Event "Memorial Romana Baka OPEN FIDE"]
[Site "Starochorzowski Dom Kultury, C"]
[Date "2014.09.27"]
[Round "1.14"]
[White "Mandla, Maciej"]
[Black "Widera, Jan"]
[Result "1/2-1/2"]
[WhiteElo "1635"]
[BlackElo "1906"]
[PlyCount "61"]
[EventDate "2014.??.??"]

1. e4 c5 2. Nf3 Nc6 3. Nc3 g6 4. g3 Bg7 5. Bg2 e6 6. O-O Nge7 7. d3 d6 8. Be3
Nd4 9. Qd2 O-O 10. Nd1 Rb8 11. c3 Nxf3+ 12. Bxf3 b5 13. Bh6 b4 14. Bxg7 Kxg7
15. Bg2 f5 16. f4 Qa5 17. b3 bxc3 18. Qxc3+ Qxc3 19. Nxc3 Bd7 20. Rad1 Nc6 21.
Kf2 Rb4 22. exf5 gxf5 23. Bxc6 Bxc6 24. Ke3 a5 25. d4 c4 26. bxc4 Rxc4 27. Kd3
Rb4 28. Rfe1 Kf7 29. Re3 Rc8 30. Rde1 Re8 31. d5 1/2-1/2

[Event "Memorial Romana Baka OPEN FIDE"]
[Site "Starochorzowski Dom Kultury, C"]
[Date "2014.09.27"]
[Round "1.15"]
[White "Liszek, Krzysztof"]
[Black "Kostowski, Andrzej"]
[Result "0-1"]
[WhiteElo "1905"]
[BlackElo "1629"]
[PlyCount "136"]
[EventDate "2014.??.??"]

1. d4 d5 2. c4 c6 3. cxd5 cxd5 4. Nc3 e6 5. Nf3 Bd7 6. Bf4 Nf6 7. e3 Nc6 8. Bd3
a6 9. O-O Be7 10. Rc1 Rc8 11. Ne5 Na7 12. Qb3 b5 13. a4 bxa4 14. Nxa4 Rb8 15.
Qd1 Rb4 16. Nxd7 Nxd7 17. Bc7 Qa8 18. Ba5 Rb7 19. Rc7 Nb5 20. Rxd7 Kxd7 21.
Nb6+ Rxb6 22. Bxb6 Qc6 23. Ba5 Rc8 24. Qh5 g6 25. Qxh7 Rf8 26. Bd2 Qa8 27. Rc1
Qe8 28. Qh3 Qb8 29. Qf3 f5 30. Qd1 g5 31. Qa4 Qb7 32. Ba5 Bd6 33. Bb4 Bxb4 34.
Qxb4 Rb8 35. g3 g4 36. Qa5 Rc8 37. Rxc8 Kxc8 38. Qb4 Kd7 39. Qc5 Qb8 40. Kg2
Qb7 41. f3 Nd6 42. Qa3 Nb5 43. Qa4 Ke7 44. fxg4 fxg4 45. Be2 Nd6 46. Qa3 Qb6
47. Bxg4 Kf6 48. h4 Kf7 49. Bh5+ Kf6 50. Be2 a5 51. Kh3 Qc7 52. Bd3 Nf7 53. Qc5
Qb8 54. Qxa5 Qxb2 55. Qe1 Qa3 56. Qf1+ Kg7 57. Qb1 Qc3 58. Qc2 Qe1 59. Qe2 Qh1+
60. Qh2 Qf3 61. Qe2 Qh1+ 62. Kg4 Nh6+ 63. Kh5 Qg1 64. g4 Qg3 65. g5 Ng8 66. Bc2
Ne7 67. e4 Ng6 68. Qg4 Nf4+ 0-1

[Event "Memorial Romana Baka OPEN FIDE"]
[Site "Starochorzowski Dom Kultury, C"]
[Date "2014.09.27"]
[Round "1.16"]
[White "Pasieka, Marcin"]
[Black "Szczecina, Kamil"]
[Result "0-1"]
[WhiteElo "1626"]
[BlackElo "1889"]
[PlyCount "106"]
[EventDate "2014.??.??"]

1. e4 c5 2. d4 cxd4 3. c3 d3 4. Bxd3 e6 5. Nf3 d6 6. O-O Nf6 7. c4 Nbd7 8. Nc3
a6 9. b3 Qc7 10. Nd4 b6 11. Be3 Bb7 12. Rc1 Nc5 13. f3 Be7 14. Bb1 Rc8 15. g4
h6 16. Kg2 g5 17. Qd2 h5 18. h3 d5 19. cxd5 hxg4 20. fxg4 Nxg4 21. Rh1 Nxe3+
22. Qxe3 exd5 23. b4 Qd7 24. Nxd5 Bxd5 25. exd5 Qxd5+ 26. Be4 Nxe4 27. Rxc8+
Kd7 28. Rxh8 Bf6 29. Rh7 Bxd4 30. Rd1 Nc3+ 31. Qf3 Qxf3+ 32. Kxf3 Nxd1 33. Ke2
Nb2 34. Rxf7+ Ke6 35. Ra7 Kd5 36. Rxa6 Kc4 37. a3 Nd3 38. Kf3 Ne1+ 39. Kg4 Be3
40. Ra8 Nc2 41. Ra6 Kb3 42. Kf3 b5 43. Ra5 Bc1 44. a4 bxa4 45. b5 Kb4 46. Ra8
Nd4+ 47. Ke4 Nxb5 48. Kd3 Bf4 49. Ra6 a3 50. Kc2 Be5 51. Kb1 Kb3 52. Ra5 a2+
53. Kc1 Na3 0-1

[Event "Memorial Romana Baka OPEN FIDE"]
[Site "Starochorzowski Dom Kultury, C"]
[Date "2014.09.27"]
[Round "1.17"]
[White "Rak, Dariusz"]
[Black "Gredka, Dominika"]
[Result "1-0"]
[WhiteElo "1869"]
[BlackElo "1469"]
[PlyCount "41"]
[EventDate "2014.??.??"]

1. d4 d5 2. c4 e6 3. Nc3 Nf6 4. Bg5 Be7 5. e3 O-O 6. Nf3 Nbd7 7. Rc1 b6 8. cxd5
Nxd5 9. Nxd5 exd5 10. Bxe7 Qxe7 11. Rxc7 Qd6 12. Qc2 Nf6 13. Bd3 Bg4 14. O-O h6
15. Ne5 Be6 16. Rc1 Rac8 17. Rxc8 Rxc8 18. Qxc8+ Bxc8 19. Rxc8+ Qf8 20. Rxf8+
Kxf8 21. Bb5 1-0

[Event "Memorial Romana Baka OPEN FIDE"]
[Site "Starochorzowski Dom Kultury, C"]
[Date "2014.09.27"]
[Round "1.18"]
[White "Matysek, Pawel"]
[Black "Jopek, Krzysztof"]
[Result "1-0"]
[WhiteElo "1464"]
[BlackElo "1865"]
[PlyCount "64"]
[EventDate "2014.??.??"]

1. e4 c6 2. d4 d5 3. exd5 cxd5 4. c4 Nf6 5. Nc3 g6 6. Nf3 Bg7 7. Be3 O-O 8. c5
Nc6 9. h3 b6 10. Bb5 Bb7 11. Bxc6 Bxc6 12. b4 bxc5 13. bxc5 Ne4 14. Qc2 Qa5 15.
Bd2 Qa6 16. Be3 Rab8 17. Ne5 Bxe5 18. dxe5 Qc4 19. Rc1 Nxc5 20. Nxd5 Nd3+ 21.
Kd2 Rb2 22. Nxe7+ Kg7 23. Qxb2 Nxc1 24. Rxc1 Rd8+ 25. Ke1 Qb5 26. Qxb5 Bxb5 27.
Rc7 a6 28. Nc6 Rd3 29. Nd4 Ra3 30. Nxb5 axb5 31. Bd4 Rxa2 32. e6+ Kf8 1-0

[Event "Memorial Romana Baka OPEN FIDE"]
[Site "Starochorzowski Dom Kultury, C"]
[Date "2014.09.27"]
[Round "1.19"]
[White "Galyga, Jozef"]
[Black "Nowak, Adam"]
[Result "0-1"]
[WhiteElo "1860"]
[BlackElo "1458"]
[PlyCount "48"]
[EventDate "2014.??.??"]

1. c4 e5 2. g3 Nc6 3. Bg2 g6 4. Nc3 Bg7 5. d3 d6 6. Nf3 h6 7. Bd2 Bg4 8. Qc1
Qd7 9. Rb1 Bh3 10. O-O Bxg2 11. Kxg2 f5 12. b4 Nge7 13. b5 Nd8 14. Nd5 g5 15.
Nxe7 Qxe7 16. e3 Ne6 17. Re1 Nc5 18. Qc2 e4 19. dxe4 fxe4 20. Nd4 Rf8 21. f3
Nd3 22. Rf1 Bxd4 23. exd4 exf3+ 24. Rxf3 Qe2+ 0-1

[Event "Memorial Romana Baka OPEN FIDE"]
[Site "Starochorzowski Dom Kultury, C"]
[Date "2014.09.27"]
[Round "1.20"]
[White "Polasinski, Zbigniew"]
[Black "Stepaniec, Lukasz"]
[Result "0-1"]
[WhiteElo "1275"]
[BlackElo "1856"]
[PlyCount "68"]
[EventDate "2014.??.??"]

1. c3 d5 2. Na3 e5 3. b3 Nc6 4. Nc2 Bd6 5. Ba3 Nf6 6. Bxd6 Qxd6 7. h3 Bf5 8. d3
O-O 9. e3 Rfe8 10. Ne2 Ne7 11. Ng3 Bg6 12. Be2 c5 13. Bh5 Nxh5 14. Nxh5 Rad8
15. Ng3 c4 16. bxc4 dxc4 17. Ne4 Qc7 18. Qf3 cxd3 19. O-O dxc2 20. Ng5 h6 21.
Ne4 Qc4 22. Ng3 Rd7 23. e4 Rd3 24. Qe2 Qxc3 25. Rac1 Rd2 26. Qb5 Red8 27. Rfe1
a6 28. Qxb7 Qc5 29. Nh1 Nc6 30. Qc7 Rd1 31. Kh2 Rxe1 32. Rxe1 Rd1 33. Qc8+ Kh7
34. Re2 c1=Q 0-1

[Event "Memorial Romana Baka OPEN FIDE"]
[Site "Starochorzowski Dom Kultury, C"]
[Date "2014.09.27"]
[Round "2.1"]
[White "Krzyzanowski, Marcin"]
[Black "Rak, Dariusz"]
[Result "1-0"]
[WhiteElo "2347"]
[BlackElo "1869"]
[PlyCount "41"]
[EventDate "2014.??.??"]

1. d4 Nf6 2. c4 e6 3. Nf3 b6 4. g3 Bb7 5. Bg2 c5 6. d5 exd5 7. Nh4 d6 8. O-O
Nbd7 9. cxd5 b5 10. e4 g6 11. f4 Nb6 12. Qe2 Qd7 13. f5 Bg7 14. g4 O-O-O 15. g5
Nh5 16. f6 Bf8 17. a4 h6 18. axb5 hxg5 19. Bxg5 Bh6 20. Bxh6 Rxh6 21. Qe3 1-0

[Event "Memorial Romana Baka OPEN FIDE"]
[Site "Starochorzowski Dom Kultury, C"]
[Date "2014.09.27"]
[Round "2.2"]
[White "Stepaniec, Lukasz"]
[Black "Kaczmarek, Aleksander"]
[Result "0-1"]
[WhiteElo "1856"]
[BlackElo "2289"]
[PlyCount "88"]
[EventDate "2014.??.??"]

1. d4 c5 2. c3 Nf6 3. Nf3 e6 4. g3 b6 5. Bg2 Bb7 6. O-O Be7 7. Nbd2 O-O 8. Re1
d5 9. Ne5 Nbd7 10. Ndf3 Rc8 11. Qa4 a6 12. Bg5 b5 13. Qd1 h6 14. Nxd7 Qxd7 15.
Ne5 Qd8 16. Be3 Bd6 17. Nd3 c4 18. Ne5 Qc7 19. f4 Ne4 20. Bh3 a5 21. Qc2 b4 22.
Rab1 Ba6 23. Nf3 f5 24. Nd2 Nf6 25. Nf3 Rb8 26. Nd2 Rb6 27. Bg2 Rfb8 28. Bf3
Bb5 29. Rec1 Qd7 30. Qd1 bxc3 31. Rxc3 Bb4 32. Rcc1 Rc8 33. Nf1 Ba4 34. b3 Bb5
35. Rc2 Rbc6 36. Nd2 R6c7 37. Bf2 Bf8 38. Be1 a4 39. bxc4 dxc4 40. Nf1 a3 41.
Rc3 Ba4 42. Qd2 Nd5 43. Ne3 Nxc3 44. Qxc3 Bc6 0-1

[Event "Memorial Romana Baka OPEN FIDE"]
[Site "Starochorzowski Dom Kultury, C"]
[Date "2014.09.27"]
[Round "2.3"]
[White "Piesik, Piotr"]
[Black "Tchorzewski, Kazimierz"]
[Result "1-0"]
[WhiteElo "2231"]
[BlackElo "1828"]
[PlyCount "87"]
[EventDate "2014.??.??"]

1. Nf3 c5 2. g3 b6 3. Bg2 Bb7 4. O-O d6 5. d3 e6 6. c4 Be7 7. Nc3 Nd7 8. e4 h5
9. h4 Ngf6 10. Ng5 Ng4 11. Bh3 Bxg5 12. Bxg5 f6 13. Bd2 Qe7 14. f4 O-O-O 15.
Bxg4 hxg4 16. Qxg4 Rdf8 17. Rae1 Kb8 18. Rf2 Qf7 19. Qe2 Qg6 20. Kh2 a6 21. Nd1
Rh7 22. Ne3 Rfh8 23. Qg4 Qe8 24. Bc3 Bc8 25. Kg1 g6 26. Qd1 Rg8 27. Kf1 g5 28.
hxg5 fxg5 29. Ke2 d5 30. cxd5 exd5 31. Nxd5 gxf4 32. gxf4 b5 33. b3 c4 34. bxc4
bxc4 35. Qb1+ Bb7 36. Qb4 cxd3+ 37. Kd2 Rg6 38. Rb1 Qc8 39. f5 Rc6 40. f6 Rc4
41. Qd6+ Ka8 42. f7 Rc6 43. Qxd7 Qxd7 44. f8=Q+ 1-0

[Event "Memorial Romana Baka OPEN FIDE"]
[Site "Starochorzowski Dom Kultury, C"]
[Date "2014.09.27"]
[Round "2.4"]
[White "Raszka, Janusz"]
[Black "Blasiak, Miroslaw"]
[Result "1-0"]
[WhiteElo "2140"]
[BlackElo "1818"]
[PlyCount "85"]
[EventDate "2014.??.??"]

1. e4 e5 2. Nf3 Nc6 3. d4 exd4 4. Nxd4 Nf6 5. Nxc6 bxc6 6. Bd3 d5 7. e5 Ng4 8.
Bf4 Bc5 9. O-O g5 10. Bd2 O-O 11. b4 Bb6 12. a4 a6 13. a5 Ba7 14. Qe2 Qe7 15.
Bc3 Re8 16. h3 Nxe5 17. Re1 f6 18. Nd2 c5 19. bxc5 Bxc5 20. Nb3 Bd6 21. Qh5 Bd7
22. Nd4 c5 23. Nf5 Bxf5 24. Bxf5 d4 25. Bd2 Qf7 26. Qd1 Rad8 27. Rb1 Nc4 28.
Be4 Re7 29. Bc6 Rc7 30. Ba4 Ne5 31. Rb6 c4 32. Rxa6 Kh8 33. f4 gxf4 34. Bxf4
Qg7 35. Qe2 Re7 36. Qf1 d3 37. Kh1 Bb4 38. Rd1 Ng6 39. cxd3 Nxf4 40. Qxf4 Re2
41. Qf3 Rde8 42. Bxe8 cxd3 43. Bb5 1-0

[Event "Memorial Romana Baka OPEN FIDE"]
[Site "Starochorzowski Dom Kultury, C"]
[Date "2014.09.27"]
[Round "2.5"]
[White "Solek, Zenon"]
[Black "Faron, Rafal"]
[Result "1/2-1/2"]
[WhiteElo "1817"]
[BlackElo "2034"]
[PlyCount "42"]
[EventDate "2014.??.??"]

1. e4 e5 2. Nf3 Nc6 3. d4 exd4 4. Nxd4 Bc5 5. Be3 Qf6 6. c3 Nge7 7. g3 Bxd4 8.
cxd4 d5 9. Nc3 dxe4 10. Bg2 O-O 11. O-O Bf5 12. d5 Rad8 13. Qb3 Na5 14. Qb4 b6
15. Rad1 Qd6 16. Qxd6 Rxd6 17. Nxe4 Rd7 18. d6 Bxe4 19. dxe7 Rxe7 20. Bxe4 Rxe4
21. Rd7 Nc4 1/2-1/2

[Event "Memorial Romana Baka OPEN FIDE"]
[Site "Starochorzowski Dom Kultury, C"]
[Date "2014.09.27"]
[Round "2.6"]
[White "Janiszewski, Maciej"]
[Black "Bobecki, Tadeusz"]
[Result "1-0"]
[WhiteElo "1981"]
[BlackElo "1815"]
[PlyCount "57"]
[EventDate "2014.??.??"]

1. d4 d5 2. Nc3 Nf6 3. Bg5 e6 4. e4 Be7 5. e5 Nfd7 6. h4 h6 7. Be3 c5 8. Qg4
Rg8 9. Nf3 a6 10. dxc5 Bxc5 11. Bxh6 Nc6 12. O-O-O Ncxe5 13. Nxe5 Nxe5 14. Qg3
Qf6 15. Bg5 Bxf2 16. Qh2 Qf5 17. Be2 Ng4 18. Nxd5 exd5 19. Bxg4 Qxg4 20. Rhe1+
Bxe1 21. Rxe1+ Kd7 22. Re7+ Kc6 23. Qc7+ Kb5 24. Be3 Qb4 25. Qb6+ Ka4 26. b3+
Ka3 27. Bc5 a5 28. c3 Bg4 29. Kb1 1-0

[Event "Memorial Romana Baka OPEN FIDE"]
[Site "Starochorzowski Dom Kultury, C"]
[Date "2014.09.27"]
[Round "2.7"]
[White "Sensula, Marek"]
[Black "Zawierucha, Aleksander"]
[Result "1-0"]
[WhiteElo "1757"]
[BlackElo "1957"]
[PlyCount "113"]
[EventDate "2014.??.??"]

1. d4 Nf6 2. Nf3 d5 3. c4 e6 4. Nc3 Be7 5. Bg5 O-O 6. e3 h6 7. Bh4 b6 8. Bd3
Bb7 9. Rc1 Nbd7 10. Qe2 c5 11. O-O Ne4 12. Bg3 Bf6 13. Bxe4 dxe4 14. Nd2 cxd4
15. exd4 Bxd4 16. Ndxe4 Bxc3 17. Rxc3 Bxe4 18. Qxe4 Nc5 19. Qe2 Qf6 20. Be5 Qf5
21. Re1 Rad8 22. Rf3 Qe4 23. Re3 Qf5 24. Bc3 Rd3 25. b4 Rxe3 26. Qxe3 Nd3 27.
Rd1 Nf4 28. h3 Re8 29. Rd4 e5 30. Re4 f6 31. Kh2 Ne6 32. Rg4 Rd8 33. Rg3 Nf4
34. Qe1 Qc2 35. Bxe5 Nd3 36. Qe4 fxe5 37. Qg6 Kf8 38. Qxg7+ Ke8 39. Qh7 Qxf2
40. Rg8+ Qf8 41. Rxf8+ Kxf8 42. Qxh6+ Ke7 43. Qh7+ Ke6 44. Qxa7 Rd6 45. c5 bxc5
46. bxc5 Rc6 47. Qh7 Nxc5 48. Qg8+ Kd6 49. h4 Ne6 50. h5 Rc4 51. g4 Rc2+ 52.
Kg3 Rxa2 53. h6 Ra3+ 54. Kh4 Ra1 55. Qb8+ Ke7 56. Qb7+ Ke8 57. h7 1-0

[Event "Memorial Romana Baka OPEN FIDE"]
[Site "Starochorzowski Dom Kultury, C"]
[Date "2014.09.27"]
[Round "2.8"]
[White "Zylka, Stanislaw"]
[Black "Kostowski, Andrzej"]
[Result "1-0"]
[WhiteElo "1934"]
[BlackElo "1629"]
[PlyCount "79"]
[EventDate "2014.??.??"]

1. e4 c5 2. Ne2 Nc6 3. d4 cxd4 4. Nxd4 d6 5. c4 Qb6 6. Nb3 Nf6 7. Nc3 Ng4 8.
Qe2 a5 9. Nd5 Qd8 10. h3 Nf6 11. Be3 Nxd5 12. cxd5 Ne5 13. Rc1 Bd7 14. Nd4 a4
15. f4 Ng6 16. Nb5 Rc8 17. Rxc8 Qxc8 18. Qd1 f6 19. Be2 Kf7 20. h4 h5 21. Qxa4
e6 22. dxe6+ Bxe6 23. f5 Bxf5 24. exf5 Qxf5 25. Qb3+ d5 26. Bd3 Qe5 27. Bxg6+
Kxg6 28. O-O Kh7 29. Qd3+ g6 30. Bd4 Qe8 31. Bxf6 Bg7 32. Bxg7 Kxg7 33. Nd6 Qe6
34. Rf7+ Kg8 35. Qc3 Rh7 36. Rxh7 Kxh7 37. Qc7+ Kh6 38. Nf7+ Kg7 39. Ng5+ Kh6
40. Qh7# 1-0